№ 4; Известия Академии наук СССР. Отделение математических и естественных наук; Пути и перспективы советской физической географии; О некоторых основных физико-географических закономерностях; Составление геоморфологической карты Европейской части СССР; О некоторых основных вопросах происхождения рельефа пустыни; Об основных чертах геоморфологии Каракумов; К вопросу о значении эпейрогенических движений в формировании современного рельефа УССР; Развитие рельефа Казахского мелкосопочника (Центральный Казахстан); Гидродинамические качества рыб и дельфина; Измерение силы инфразвуков, возникающих на поверхности моря во время шторма

書目詳細資料
Parent link:Известия Академии наук СССР. Отделение математических и естественных наук/ Академия наук СССР (АН СССР). № 4.— , 1931-1951
語言:俄语
英语
出版: 1937
TOC:Пути и перспективы советской физической географии;
О некоторых основных физико-географических закономерностях;
Составление геоморфологической карты Европейской части СССР;
О некоторых основных вопросах происхождения рельефа пустыни;
Об основных чертах геоморфологии Каракумов;
К вопросу о значении эпейрогенических движений в формировании современного рельефа УССР;
Развитие рельефа Казахского мелкосопочника (Центральный Казахстан);
Гидродинамические качества рыб и дельфина;
Измерение силы инфразвуков, возникающих на поверхности моря во время шторма;
主題:
格式: 圖書
KOHA link:https://koha.lib.tpu.ru/cgi-bin/koha/opac-detail.pl?biblionumber=328616

MARC

LEADER 00000nam2a2200000 4500
001 328616
005 20231102004059.0
035 |a (RuTPU)RU\TPU\book\354316 
035 |a RU\TPU\book\354200 
090 |a 328616 
100 |a 20170221d1937 k y0rusy50 ca 
101 0 |a rus  |a eng 
102 |a RU 
105 |a a z 001zy 
200 0 |a № 4 
210 |d 1937 
215 |a С. 481-609  |c ил. 
320 |a Библиогр. в конце ст. 
461 1 |0 (RuTPU)RU\TPU\book\350190  |t Известия Академии наук СССР. Отделение математических и естественных наук  |f Академия наук СССР (АН СССР)  |v № 4  |d 1931-1951  |s Серия географическая и геофизическая 
464 |t Пути и перспективы советской физической географии 
464 |t О некоторых основных физико-географических закономерностях 
464 |t Составление геоморфологической карты Европейской части СССР 
464 |t О некоторых основных вопросах происхождения рельефа пустыни 
464 |t Об основных чертах геоморфологии Каракумов 
464 |t К вопросу о значении эпейрогенических движений в формировании современного рельефа УССР 
464 |t Развитие рельефа Казахского мелкосопочника (Центральный Казахстан) 
464 |t Гидродинамические качества рыб и дельфина 
464 |t Измерение силы инфразвуков, возникающих на поверхности моря во время шторма  |a Доброклонский, С. В. 
606 1 |a Геофизика  |2 stltpush  |3 (RuTPU)RU\TPU\subj\38590  |9 59017 
606 1 |a География  |2 stltpush  |3 (RuTPU)RU\TPU\subj\5918  |9 33902 
610 1 |a библиотека М. А. Усова 
610 1 |a физическая география 
610 1 |a СССР 
610 1 |a геоморфологические карты 
610 1 |a пустыни 
610 1 |a рельеф 
610 1 |a геоморфология 
610 1 |a Каракумы 
610 1 |a Украина 
610 1 |a эпейрогенические движения 
610 1 |a Казахский мелкосопочник 
610 1 |a Центральный Казахстан 
610 1 |a моря 
610 1 |a физика 
610 1 |a рыбы 
610 1 |a дельфины 
610 1 |a гидродинамика 
675 |a 550.3  |v 4 
675 |a 91  |v 4 
801 1 |a RU  |b 63413507  |c 20170220 
801 2 |a RU  |b 63413507  |c 20170412  |g RCR 
942 |c BK